000 01252nam a22002657a 4500
005 20090624122543.0
008 090624t xxu||||| |||| 00| 0 hin d
010 _aHIN-87085
020 _c100.00
_a8190388810x
035 _aHN-59431
037 _bDBAD / PUB
040 _adpl
_bhn
082 _a796.01
100 _aगोस्वामी बालक राम
245 _aबच्चों के खेल /
_bगोस्वामी बालक राम एवं एस. कुमार
246 _aBachcho ke khela
_bby Goswami Balak Ram
260 _aदिल्ली
_bगीतांजलि प्रकाशन
_c2008
270 _a418, महाराम मोहल्ला, विश्वास नगर
_bदिल्ली
_e110032
300 _a80पृ.
_c22 सेमी (सजिल्द)
_bसचित्र
650 _aखेल-कूद
650 _aSports
700 _aकुमार, एस.
942 _2ddc
_cHN
_mगोस्वामी
_h796.01
999 _c27842
_d27842